01747nam a22002777a 450000500170000001000150001702000260003202000230005803500130008103700130009408200160010710000270012324501270015025000120027726000440028927000460033330000320037949000380041150000190044950507620046865000270123070000240125794200300128199900170131195201410132820140826115359.0 aENG-110642 c699.00a9789339205041 c699.00a9339205049 aEN-94174 bDBAD/PUB a338.5024658 aThomas, Christopher R. aManagerial economics :cby Christopher R. Thomas [and] S. Charles Mauricebfoundations of business analysis and strategy / a10th ed aNew DelhibMcGraw Hill Education c2014 aP-24, Green Park Extn.bNew Delhie110016 axx,747p. :c25cm(pbk)bill. a The McGraw-Hill economics series aIncludes index aSome preliminaries -- Managers, profits, and markets -- Demand, supply, and market equilibrium -- Marginal analysis for optimal decisions -- Basic estimation techniques -- Demand analysis -- Theory of consumer behavior -- Elasticity and demand -- Demand estimation and forecasting -- Production and cost in the short run -- Production and cost in the long run -- Production and cost estimation -- Profit maximization in various market structures -- Managerial decisions in competitive markets -- Managerial decisions for firms with market power -- Strategic decision making in oligopoly markets -- Advanced topics in managerial economics -- Advanced pricing techniques -- Decisions under risk and uncertainty -- Chapter16: government regulation of business. a Managerial economics. aMaurice, S. Charles 2ddccENmTHOh338.5024658 c87838d87838 001040718NFICaDBADbDBADd2014-08-12eDBAD/PUBg699.00l0o338.5024658 THOpEN-94174r2014-08-12 00:00:00t1v699.00w2014-08-12yEN